00822cam a2200253 i 4500001000700000003000400007005001700011008004100028010001700069015001500086020002500101040001800126082001500144245009500159260003000254300002600284650003600310700003100346700002500377906004500402942001200447999001500459952009400474852696OSt20230619094520.0780629s1977 enk d 000 0 eng  a 78304985  aGB77-31665 a0002161494 :c£8.50 aDLCcDLCdDLC a153.7bBUL04aThe Fontana dictionary of modern thought /cedited by Alan Bullock and Oliver Stallybrass. aLondon :bCollins,c1977. axix, 684 p. ;c23 cm. 0aEncyclopedias and dictionaries.1 aBullock, Alan,d1914-2004.1 aStallybrass, Oliver. a7bcbccorignewd3encipf19gy-gencatlg 2ddccBK c1174d1174 00102ddc4070a002b002d2023-06-19l0o153.7 BULp10011121r2023-06-19w2023-06-19yBK